000 003750000a22001570004500
005 20120302065406.0
942 _cBOOK
100 _a Mahamuni Narad
245 _a Narad Sanhita
260 _aVaranasi: Chawkhamba Sanskrit Sansthan
300 _a32p; 362p
490 _aKashi-Sanskrit-Granthamala : 40
040 _aS&H
365 _b75/-
650 _aJyotish, Astrology
999 _c364663
_d364660